La acción humana (Registro nro. 6192)
[ vista simple ]
| 000 -LEADER | |
|---|---|
| fixed length control field | 02427 a2200241 4500 |
| 001 - CONTROL NUMBER | |
| control field | 57358 |
| 005 - DATE AND TIME OF LATEST TRANSACTION | |
| control field | 20260407155835.0 |
| 008 - FIXED-LENGTH DATA ELEMENTS--GENERAL INFORMATION | |
| fixed length control field | 260407a2021 arg spa d |
| 003 - CONTROL NUMBER IDENTIFIER | |
| control field | AR-UNSa-BCEJYS |
| 040 ## - CATALOGING SOURCE | |
| Original cataloging agency | AR-UNSa-BCEJYS |
| Language of cataloging | spa |
| Transcribing agency | AR-UNSa-BCEJYS |
| 080 ## - UNIVERSAL DECIMAL CLASSIFICATION NUMBER | |
| Universal Decimal Classification number | 330.82 |
| Common auxiliary subdivision | Teorías económicas clásicas y posclásica. Liberalismo. Escuelas ética, romántica, histórica |
| 020 ## - INTERNATIONAL STANDARD BOOK NUMBER | |
| International Standard Book Number | 978-84-7209-836-7 |
| 041 ## - LANGUAGE CODE | |
| Language code of text/sound track or separate title | spa |
| 100 1# - MAIN ENTRY--PERSONAL NAME | |
| Personal name | Von Mises, Ludwig |
| 245 10 - TITLE STATEMENT | |
| Title | La acción humana |
| Name of part/section of a work | tratado de economía |
| 250 ## - EDITION STATEMENT | |
| Edition statement | 14a. ed. |
| 264 #1 - PRODUCTION, PUBLICATION, DISTRIBUTION, MANUFACTURE, AND COPYRIGHT NOTICE | |
| Place of production, publication, distribution, manufacture | Madrid : |
| Name of producer, publisher, distributor, manufacturer | Union Editorial |
| Date of production, publication, distribution, manufacture, or copyright notice | 2021 |
| 300 ## - PHYSICAL DESCRIPTION | |
| Extent | lxxiv, 1068 p. |
| Dimensions | 23 cm. |
| 505 ## - FORMATTED CONTENTS NOTE | |
| Formatted contents note | 1. El hombre en acción – 2. Problemas epistemológicos de las ciencias de la acción humana – 3. La economía y la rebelión contra la razón – 4. Un primer análisis de la categoría de acción – 5. El tiempo – 6. La incertidumbre – 7. La acción en el mundo – 8. La sociedad humana – 9. El papel de las ideas – 10. El intercambio en la sociedad – 11. Evaluación sin calculo – 12. El ámbito del cálculo económico – 13. El cálculo monetario al servicio de la acción – 14. El ámbito y metodología de la cataláctica – 15. El mercado – 16. Los precios – 17. El cambio indirecto – 18. La acción y el transcurso del tiempo – 19. El interés – 20. El interés, la expresión crediticia y el ciclo económico – 21. Trabajo y salarios – 22. Los factores originarios de producción no humanos – 23. Los datos del mercado – 24. Armonía y conflicto de intereses – 25. La construcción imaginaria de una sociedad socialista – 26. La imposibilidad del cálculo económico bajo el socialismo – 27. El gobierno y el mercado – 28. El intervencionismo fiscal – 29. La restricción de la producción – 30. La intervención de los precios – 31. La manipulación del dinero y del crédito – 32. Confiscación y redistribución – 33. Sindicalismo y corporativismo – 34. La economía de guerra – 35. El principio del bienestar frente al principio del mercado – 36. La crisis del intervencionismo – 37. El carácter no descriptivo de la economía – 38. La economía en el sistema educativo – 39. La economía y los problemas esenciales de la existencia humana |
| 590 ## - LOCAL NOTE (RLIN) | |
| Local note | niveau_biblio:m niveau_hierar:0 |
| 856 41 - ELECTRONIC LOCATION AND ACCESS | |
| Uniform Resource Identifier | <a href="https://biblioeco.unsa.edu.ar/pmb/images/libros/L128749.jpg">https://biblioeco.unsa.edu.ar/pmb/images/libros/L128749.jpg</a> |
| Link text | Imagen de portada |
| Electronic format type | image/jpeg |
| 942 ## - ADDED ENTRY ELEMENTS (KOHA) | |
| Koha item type | |
| Withdrawn status | Lost status | Damaged status | Not for loan | Home library | Current library | Shelving location | Date acquired | Total checkouts | Full call number | Barcode | Date last seen | Price effective from | Koha item type |
|---|---|---|---|---|---|---|---|---|---|---|---|---|---|
| Biblioteca Prof. Eusebio Cleto del Rey | Biblioteca Prof. Eusebio Cleto del Rey | 07/04/2026 | 330.82 V945 14ed. | L128749 | 07/04/2026 | 07/04/2026 | Libro |